000 00262nam a22001217a 4500
008 170306b xxu||||| |||| 00| 0 eng d
041 _aeng
080 _a611
100 _a6
101 _aSHM
245 _aFUNCTIONAL NEUROANATOMY
_cKRIEG, W.J.S
942 _2udc
_cBK
999 _c6867
_d6867